<?xml version="1.0" encoding="UTF-8"?>
<collection xmlns="http://www.loc.gov/MARC21/slim">
    <record>
        <controlfield tag="001">64123</controlfield>
        <controlfield tag="005">20171221155210.0</controlfield>
        <datafield tag="037" ind1=" " ind2=" ">
            <subfield code="a">TAZ-TFG-2017-3135</subfield>
        </datafield>
        <datafield tag="041" ind1=" " ind2=" ">
            <subfield code="a">spa</subfield>
        </datafield>
        <datafield tag="100" ind1="1" ind2=" ">
            <subfield code="a">Lengua Lengua, Diego</subfield>
        </datafield>
        <datafield tag="242" ind1="0" ind2="0">
            <subfield code="a">Evaluation of clinical utility of SDMA in the diagnosis of the chronic kidney disease in dogs</subfield>
        </datafield>
        <datafield tag="245" ind1="0" ind2="0">
            <subfield code="a">Evaluación de la utilidad clínica del marcador SDMA (dimetil arginina simétrica) en el diagnóstico de la enfermedad renal crónica en perros</subfield>
        </datafield>
        <datafield tag="260" ind1=" " ind2=" ">
            <subfield code="a">Zaragoza</subfield>
            <subfield code="b">Universidad de Zaragoza</subfield>
            <subfield code="c">2017</subfield>
        </datafield>
        <datafield tag="506" ind1=" " ind2=" ">
            <subfield code="a">by-nc-sa</subfield>
            <subfield code="b">Creative Commons</subfield>
            <subfield code="c">3.0</subfield>
            <subfield code="u">http://creativecommons.org/licenses/by-nc-sa/3.0/</subfield>
        </datafield>
        <datafield tag="520" ind1=" " ind2=" ">
            <subfield code="a">La dimetilarginina simétrica (SDMA) ha sido propuesta recientemente como un buen marcador  indirecto de la tasa de filtración glomerular en perros. El objetivo de este trabajo es hacer una  revisión sobre éste y otros marcadores de enfermedad renal y valorar su utilidad clínica en el  diagnóstico de la enfermedad renal crónica (ERC) en el perro comparándola con los marcadores  tradicionales. El estudio se realizó en 13 perros con signos clínicos o hallazgos biopatológicos  compatibles con ERC que acudieron al servicio de Nefrología y Urología del Hospital Veterinario  de la Universidad de Zaragoza. El 85% de los perros incluidos fue diagnosticado de ERC. Solo en  dos animales los signos clínicos fueron atribuidos a otras enfermedades, de los cuales ninguno  tuvo la SDMA alta. Todos los perros azotémicos tuvieron las concentraciones de SDMA (</subfield>
        </datafield>
        <datafield tag="521" ind1=" " ind2=" ">
            <subfield code="a">Graduado en Veterinaria</subfield>
        </datafield>
        <datafield tag="540" ind1=" " ind2=" ">
            <subfield code="a">Derechos regulados por licencia Creative Commons</subfield>
        </datafield>
        <datafield tag="700" ind1=" " ind2=" ">
            <subfield code="a">Navarro Combalia, Laura</subfield>
            <subfield code="e">dir.</subfield>
        </datafield>
        <datafield tag="710" ind1="2" ind2=" ">
            <subfield code="a">Universidad de Zaragoza</subfield>
            <subfield code="b">Patología Animal</subfield>
            <subfield code="c">Medicina y Cirugía Animal</subfield>
        </datafield>
        <datafield tag="856" ind1="0" ind2=" ">
            <subfield code="f">670533@celes.unizar.es</subfield>
        </datafield>
        <datafield tag="856" ind1="4" ind2=" ">
            <subfield code="s">1053196</subfield>
            <subfield code="u">http://zaguan.unizar.es/record/64123/files/TAZ-TFG-2017-3135.pdf</subfield>
            <subfield code="y">Memoria (spa)</subfield>
        </datafield>
        <datafield tag="909" ind1="C" ind2="O">
            <subfield code="o">oai:zaguan.unizar.es:64123</subfield>
            <subfield code="p">driver</subfield>
            <subfield code="p">trabajos-fin-grado</subfield>
        </datafield>
        <datafield tag="950" ind1=" " ind2=" ">
            <subfield code="a"></subfield>
        </datafield>
        <datafield tag="951" ind1=" " ind2=" ">
            <subfield code="a">deposita:2017-12-21</subfield>
        </datafield>
        <datafield tag="980" ind1=" " ind2=" ">
            <subfield code="a">TAZ</subfield>
            <subfield code="b">TFG</subfield>
            <subfield code="c">VET</subfield>
        </datafield>
    </record>

    
</collection>